Rozpoznaj film po postaci #1 -Kino polskie - Statystyki

Ogólne statystyki
  • Ten quiz został rozwiązany 2 850 razy
  • Średni wynik to 11 z 40
Statystyki odpowiedzi
Lp. Postać Tytuł filmu % Poprawnych
1 Franek Dolas Jak Rozpętałem Drugą Wojnę Światową
86%
3 Kazimierz Pawlak Sami Swoi / Nie ma Mocnych / Kochaj albo Rzuć
83%
9 Jerzy Ryba Kiler / Kilerów Dwóch
66%
5 Ryszard Ochódzki Miś / Ryś / Rozmowy Kontrolowane
64%
2 Henryk Kwinto Vabank
62%
26 Zbigniew Religa Bogowie
59%
38 Adam Miauczyński Dzień Świra / Wszyscy Jesteśmy Chrystusami / Nic Śmiesznego (i inne)
59%
27 Władysław Szpilman Pianista
57%
14 Kuba Brenner Chłopaki nie Płaczą
54%
24 Olo Żwirski Psy
43%
25 Marcin Kroll Kroll
42%
10 Wielki Szu Wielki Szu
42%
6 Maks Paradys Seksmisja
38%
7 Inżynier Mamoń Rejs
32%
19 Ida Lebenstein Ida
29%
13 Francesco Romanelli Nie Lubię Poniedziałku
29%
8 Kuba Jan Akser Poranek Kojota
29%
22 Piotr Łuszcz Jesteś Bogiem
26%
20 Ryszard Kukliński Jack Strong
23%
12 Stanisław Maria Rochiewicz Poszukiwany, Poszukiwana
22%
4 Olo Jedlina Kingsajz
20%
18 Mateusz Birkut Człowiek z Marmuru / Człowiek z Żelaza
19%
33 Iwan Karamazow Bracia Karamazow
18%
35 Jan Kania C.K Dezerterzy / Złoto Dezerterów
15%
31 Karol Borowiecki Ziemia Obiecana
14%
11 Tadeusz Krzakowski Co mi Zrobisz, Jak Mnie Złapiesz
10%
39 Edward Środoń Dom Zły
7%
40 Janek Filikiewicz Nie ma Róży bez Ognia
7%
17 Franciszek Kalina Pokłosie
7%
29 Łukasz Machnacki Symetria
7%
21 Ryszard Król Drogówka
6%
23 Leopold Socha W Ciemności
6%
30 Adam Borecki Dług
5%
15 Jacek Łazar Krótki Film o Zabijaniu
5%
34 Michał Sulecki Tato
5%
37 Wolter Ciało
4%
28 Alfons Van Worden Rękopis Znaleziony w Saragossie
4%
16 Stanisław Włodek Niespotykanie Spokojny Człowiek
2%
36 Krystyna Gromowicz Rzeczpospolita Babska
2%
32 Roman Tokarski Zakazane Piosenki
2%
Nie znaleziono quizów pasujących do podanych kryteriów
Rozkład punktacji
Procent ludzi z każdym wynikiem
Percentyl według liczby udzielonych odpowiedzi
Twoja historia wyników
Nie rozwiązałeś tego quizu